[Event "RUS-ch zt qual 62nd"]
[Site "Armavir"]
[Date "2009.03.??"]
[Round "1"]
[White "Gabrielian, Artur"]
[Black "Aslakhanov, Tamerlan"]
[Result "1-0"]
[WhiteElo "2472"]
[BlackElo "2167"]
[PlyCount "100"]
[EventDate "2009.03.21"]
[EventType "swiss"]
[EventRounds "9"]
[EventCountry "RUS"]
[SourceTitle "EXT 2022"]
[Source "ChessBase"]
[SourceDate "2021.10.06"]
[SourceVersion "1"]
[SourceVersionDate "2021.10.06"]
[SourceQuality "1"]

1. e4 c5 2. Nf3 Nc6 3. Bb5 d6 4. 0-0 Bd7 5. Re1 a6 6. Bf1 Bg4 7. h3 Bxf3 8. Qxf3 Nf6 9. c3 g6 10. Qd1 Bg7 11. d4 cxd4 12. cxd4 0-0 13. d5 Nb8 14. Qb3 Nbd7 15. Qxb7 Nc5 16. Qb4 a5 17. Qc4 Ncxe4 18. Na3 Rc8 19. Qd3 Nc5 20. Qd1 e5 21. Nb5 Qb6 22. Be3 Nfd7 23. Rb1 f5 24. b4 axb4 25. Rxb4 f4 26. Bd2 Na6 27. Rb1 Nc7 28. Nc3 Qa7 29. Ne4 Qxa2 30. Nxd6 Rb8 31. Ra1 Qb2 32. Ba5 Ne8 33. Nc4 Qb7 34. Bc3 Qc7 35. Ra6 Rf5 36. Rc6 Qd8 37. d6 Rb5 38. Nd2 Rc5 39. Rxc5 Nxc5 40. Bb4 Nd7 41. Qb3+ Kh8 42. Ne4 Nef6 43. Bd3 Nxe4 44. Bxe4 Rf8 45. Bc6 Nb8 46. Ba4 Qb6 47. d7 Nxd7 48. Bxf8 Bxf8 49. Qf7 Bc5 50. Qxd7 Bxf2+ 1-0

[Event "Doroshkevich Memorial op"]
[Site "Belorechensk"]
[Date "2007.06.03"]
[Round "6"]
[White "Kondenko, Alexey"]
[Black "Aslakhanov, Tamerlan"]
[Result "1-0"]
[WhiteElo "2283"]
[BlackElo "2066"]
[PlyCount "53"]
[EventDate "2007.05.29"]
[EventType "swiss"]
[EventRounds "9"]
[EventCountry "RUS"]
[SourceTitle "EXT 2008"]
[Source "ChessBase"]
[SourceDate "2007.11.25"]
[SourceVersion "1"]
[SourceVersionDate "2007.11.25"]
[SourceQuality "1"]

1. c4 e5 2. g3 Nf6 3. Bg2 Nc6 4. Nc3 Bc5 5. a3 a5 6. e3 0-0 7. Nge2 Re8 8. d3 d6 9. h3 Bf5 10. g4 Bg6 11. Ng3 Qd7 12. g5 e4 13. d4 Nh5 14. Nxh5 Bxh5 15. Qxh5 Bxd4 16. exd4 Nxd4 17. Be3 Nc2+ 18. Kd2 Nxa1 19. Rxa1 b5 20. Bxe4 Rxe4 21. Nxe4 bxc4 22. Nf6+ gxf6 23. gxf6 Kh8 24. Rg1 c3+ 25. bxc3 Qe6 26. Qg5 Qa2+ 27. Kd3 1-0

[Event "RUS South Region-ch op"]
[Site "Belorechensk"]
[Date "2005.06.??"]
[Round "?"]
[White "Aslakhanov, Tamerlan"]
[Black "Osmiev, Ali"]
[Result "1/2-1/2"]
[WhiteElo "2108"]
[BlackElo "2140"]
[PlyCount "106"]
[EventDate "2005.06.??"]
[EventType "swiss"]
[EventRounds "9"]
[EventCountry "RUS"]
[SourceTitle "EXT 2007"]
[Source "ChessBase"]
[SourceDate "2006.11.23"]
[SourceVersion "1"]
[SourceVersionDate "2006.11.23"]
[SourceQuality "1"]

1. e4 c5 2. Nf3 a6 3. c4 Nc6 4. d4 cxd4 5. Nxd4 Qb6 6. Nb3 d6 7. Nc3 e6 8. Be3 Qd8 9. Qd2 Na5 10. Nxa5 Qxa5 11. Be2 Nf6 12. 0-0 Bd7 13. f4 Rc8 14. Rad1 Rd8 15. Bf3 Bc6 16. a3 Qc7 17. Qf2 Rc8 18. Bb6 Qb8 19. Rd2 Be7 20. Rfd1 0-0 21. b4 Be8 22. Qe2 Nd7 23. Bd4 Qc7 24. Rc2 Qxc4 25. Nd5 Qxc2 26. Nxe7+ Kh8 27. Nxc8 Qxc8 28. Be3 Qc7 29. Qd3 Nf6 30. Qxd6 Qxd6 31. Rxd6 Bc6 32. e5 Nd5 33. Bc5 Re8 34. f5 h6 35. fxe6 fxe6 36. Bh5 Rc8 37. Bg4 Nc7 38. Bxe6 Nxe6 39. Rxe6 Re8 40. Rxe8+ Bxe8 41. e6 g6 42. Bd4+ Kg8 43. Kf2 Bc6 44. g3 Bd5 45. e7 Kf7 46. Bc5 Bc6 47. Ke3 b6 48. Bxb6 Kxe7 49. Kd4 Kd6 50. Bc5+ Kc7 51. Ke5 Ba4 52. Kf6 Bc2 53. g4 h5 1/2-1/2